| 000 | 00915cam a22003011 4500 | ||
|---|---|---|---|
| 999 |
_c528209 _d528209 |
||
| 001 | 2183029 | ||
| 003 | NUST | ||
| 005 | 20190902072123.0 | ||
| 008 | 860408s1968 ru a b 000 0 eng | ||
| 010 | _a 70426671 | ||
| 015 | _aUSSR 68-32661 | ||
| 020 | _c1.81 | ||
| 038 | _aM.Ramzan | ||
| 040 |
_aDLC _cDLC _dDLC |
||
| 041 | 1 | _aengrus | |
| 050 | 0 | 0 |
_aQA931 _b.F5313 1968 |
| 082 | 0 | 0 |
_a531.38 _bBOR |
| 100 | 2 |
_aFilonenko-Borodich, M. _q(Mikhail), _d1885- _919827 |
|
| 240 | 1 | 0 |
_aTeorii︠a︡ uprugosti. _lEnglish |
| 245 | 1 | 0 |
_aTheory of elasticity _c[by] M. Filonenko-Borodich. Translated from the Russian by M. Konyaeva. |
| 260 |
_aMoscow, _bMir, _c1968. |
||
| 300 |
_a388 p. _bwith diagrs. _c22 cm. |
||
| 500 | _aTranslation of Teorii︠a︡ uprugosti. | ||
| 504 | _aBibliography: p. [381] | ||
| 650 | 0 |
_aElasticity. _910835 |
|
| 906 |
_a7 _bcbc _corignew _d4 _encip _f19 _gy-gencatlg |
||
| 942 |
_2ddc _cBK |
||